Normal view
MARC view
- Arts administrators
Entry Topical Term
001 - CONTROL NUMBER
- control field: 7558
003 - CONTROL NUMBER IDENTIFIER
- control field: NUST
005 - DATE AND TIME OF LATEST TRANSACTION
- control field: 20171226095821.0
008 - FIXED-LENGTH DATA ELEMENTS
- fixed length control field: 171226|| aca||aabn | a|a d
040 ## - CATALOGING SOURCE
- Original cataloging agency: NUST
- Transcribing agency: NUST
150 ## - HEADING--TOPICAL TERM
- Topical term or geographic name entry element: Arts administrators
- Geographic subdivision: United States
- General subdivision: Biography.
670 ## - SOURCE DATA FOUND
- Source citation: Work cat.: (NUST)0: Frohnmayer, John. 7556, Leaving town alive :, 1993.
